| 000 | 03990nam a22003257a 4500 | ||
|---|---|---|---|
| 001 | TICS 002 | ||
| 003 | gtcocun | ||
| 005 | 20251003145938.0 | ||
| 006 | a||||gr|||| 00| 0 | ||
| 007 | ta | ||
| 008 | 251003b2023 gt ||||| m||| 00| 0 eng d | ||
| 040 |
_agtcocun _bSPA _cgtcocun _eRDA |
||
| 041 | _aSPA TICS 002 | ||
| 084 | _0TICS 002 | ||
| 100 |
_aValdizón Juárez, Daniel Estuardo _eAutor |
||
| 245 |
_aAPLICACIÓN MÓVIL DE FORMACIÓN Y CONCIENTIZACIÓN DIGITAL SOBRE EL PHISHING, Y LOS RIESGOS QUE IMPLICA PARA LA POBLACIÓN DEL MUNICIPIO DE COBÁN/ _cDaniel Estuardo Valdizón Juárez. _hImpreso |
||
| 264 |
_aCobán, Alta Verapaz: _bUniversidad de San Carlos de Guatemala, Centro Universitario del Norte, Carrera Ingeniería en Ciencias y Sistemas _c2023 |
||
| 300 |
_a102 p.: _bIlustraciones, gráficas. _c28 cm; |
||
| 336 |
_2rdacontenido _aTexto _btxt |
||
| 337 |
_2rdamedio _aComputadora _bn |
||
| 338 |
_2rdasoporte _aCódigo en línea _bcr |
||
| 502 | _eTICS 002 | ||
| 502 |
_aTesis de grado _bCarrera Ingeniería en Ciencias y Sistemas _cUniversidad de San Carlos de Guatemala, Centro Universitario del Norte, _d2023 _oTICS 002 |
||
| 520 | 1 | 4 | _aA través de la presente investigación se desarrolló una revisión documental sobre la situación actual de la ciberseguridad en Guatemala, se tomaron en cuenta elementos importantes como, la exploración de antecedentes cibernéticos, casos de ingeniería social en el país y que políticas y estrategias de seguridad se han implementado para fortalecer la seguridad cibernética en Guatemala. Los temas tratados durante la investigación buscan abordar dicha problemática y brindar una solución basada en las necesidades de la población. Para medir la percepción y susceptibilidad a los ataques de phishing por parte de la población del municipio de Cobán, se realizó un análisis estadístico en donde los resultados obtenidos durante la investigación realizada revelaron una preocupante falta de conocimiento y comprensión de la población del municipio de Cobán sobre los ataques de phishing. Los resultados de las encuestas a una muestra representativa de la población mostraron que muchas personas tienen percepciones limitadas y, en muchos casos, erróneas sobre este tipo de amenaza cibernética. Este hallazgo resalta la apremiante necesidad de implementar programas educativos que empoderen a la población con los conocimientos y las habilidades necesarias para identificar y protegerse contra los ataques de phishing. Al concluir la investigación, se determinó que un prototipo de aplicativo móvil el cual contenga contenido educativo y que permita generar formación y concientización digital sobre los ataques de phishing es una gran alternativa para poder ser implementada debido a la constante utilización de la tecnología en la actualidad y en la capacidad de la aplicación para proporcionar información de manera dinámica y accesible a la población del municipio de Cobán. La aplicación móvil desarrollada denominada Antiphish Academy se perfila como una herramienta versátil y conveniente para abordar las carencias y reducir la brecha digital educativa en la comprensión del phishing, que brinde a los usuarios de cualquier edad la posibilidad de aprender y mejorar su conocimiento sobre seguridad cibernética desde la comodidad de sus dispositivos móviles. Además, la movilidad inherente a los dispositivos móviles permite que el contenido educativo del aplicativo móvil esté al alcance de la población en cualquier momento y lugar. |
| 650 |
_2LEMB _aCobán, Alta Verapaz _xIngeniería en Ciencias y Sistemas _xPhishing _xPercepción _xSusceptibilidad _xCiberseguridad _xDispositivo móvil |
||
| 700 |
_aIng. Javier Alejandro Coronado Fernández _eAsesor |
||
| 856 |
_uhttps://drive.google.com/file/d/1xlq3-ats7Xl8lH7gzOU1czVXMM4zSFzs/view _yPDF _zUn ejemplar en línea. |
||
| 942 |
_2ddc _cTES _iTICS 002 _kClasificación _n0 _6TICS_002_000000000000000 |
||
| 999 |
_c2209 _d2209 |
||